00411nam a2200157Ia 4500008004100000020000700041082001600048100002100064245004500085250000700130260003200137300002300169500001900192600002700211650001500238240925s9999 xx 000 0 und d aNA a621.381 ANG aAngelo, E. James 0aElectronics BJTs, FETs and Microcircuits aNA aTokyo:bMcGraw-Hillc,1969. a370p.bNAfPirated aIncludes Index aElectronic Engineering aTechnology